|
|
|
|
| LEADER |
01252nam a2200337 i 4500 |
| 001 |
30292 |
| 003 |
BD-DhAAL |
| 005 |
20230525130018.0 |
| 008 |
151209s2013 enk 001 0 eng |
| 010 |
|
|
|a 2012025874
|
| 020 |
|
|
|a 9780521198486 (hardback)
|
| 020 |
|
|
|a 9780521121422 (paperback)
|
| 040 |
|
|
|a DLC
|b eng
|c DLC
|e rda
|d DLC
|d BD-DhAAL
|
| 041 |
1 |
|
|a eng
|
| 042 |
|
|
|a pcc
|
| 050 |
0 |
0 |
|a B422.A5
|b I59 2013
|
| 082 |
0 |
0 |
|a 171.3
|2 23
|
| 100 |
1 |
|
|a Aristotle.
|9 13936
|
| 240 |
1 |
0 |
|a Eudemian ethics.
|l English
|
| 245 |
1 |
0 |
|a Eudemian ethics /
|c Aristotle ; translated and edited by Brad Inwood, University of Toronto; Raphael Woolf, King's College London.
|
| 260 |
|
|
|a Cambridge :
|b Cambridge University Press,
|c 2013.
|
| 300 |
|
|
|a xxxi, 168 pages ;
|c 24 cm.
|
| 490 |
0 |
|
|a Cambridge texts in the history of philosophy
|
| 500 |
|
|
|a Includes index.
|
| 541 |
|
|
|e 30292
|
| 650 |
|
0 |
|a Ethics.
|9 16723
|
| 700 |
1 |
|
|a Inwood, Brad,
|e editor,
|e translator.
|9 16724
|
| 700 |
1 |
|
|a Woolf, Raphael,
|e editor,
|e translator.
|9 16725
|
| 942 |
|
|
|2 ddc
|c BK
|
| 999 |
|
|
|c 36373
|d 36373
|
| 952 |
|
|
|0 0
|1 0
|2 ddc
|4 0
|6 171_300000000000000_ARI
|7 0
|9 57205
|a BRACUL
|b BRACUL
|c GEN
|d 2015-12-09
|e Karim International
|g 1484.00
|l 1
|o 171.3 ARI
|p 3010030292
|r 2017-05-11
|s 2017-03-18
|t 1
|w 2015-12-09
|y BK
|